000
00321nam a22001457a 4500
020
_q
PB.
040
_c
FIZZA ISHAQ
082
_a
415
_b
DAN
100
_a
SCHODEK,DANIEL.
_9
91257
245
_a
STRUCTURES /
_c
SCHODEK DANIEL.
250
_a
7th ED.
260
_a
PEARSON ;
_c
2013.
300
_a
517 P. ;
942
_2
ddc
_c
BK
999
_c
589443
_d
589443